000 00817nam a2200181Ia 4500
008 090124s9999 xx 000 0 und d
082 _b23063
_a490
100 _aनेने गो. प. आणि जोशी श्रीपाद
245 _a बृहत् मराठी -हिन्दी शब्दकोश
250 _a0
300 _a726
600 _aनेने गो. प. आणि जोशी श्रीपाद
630 _a बृहत् मराठी -हिन्दी शब्दकोश
700 _aनेने गो. प. आणि जोशी श्रीपाद
700 _aनेने गो. प. आणि जोशी श्रीपाद
730 _a बृहत् मराठी -हिन्दी शब्दकोश
942 _cBOOK
999 _c136677
_d136677